000 00806nam a2200229 a 4500
001 000008201
005 20260224100502.0
008 090915s1999 dr a 000 0 spa d
040 _aDO-SdBNP
_bspa
_cBNPHU
082 _a649.1
_bO96d
100 1 _aOvalle, Lucia
_922239
245 1 0 _aDesarrolle su potencial de padre y madre :
_bpautas para criar mejores hijos e hijas /
_cLucia Ovalle.
260 _aSanto Domingo :
_bCentenario,
_c1999.
300 _a2 v. :
_bil. ;
_c22 cm.
500 _aLa biblioteca posee v.1.
500 _aIncluye datos biográficos del autor en la contraportada.
590 _aInventariado, 2018/ YL
650 4 _aPaternidad (psicología)
_xEnseñanza
_922240
650 4 _aPadres e hijos
_9796
650 0 _aCrianza de niños
_94212
910 _aValidado. Control de calidad EMS.
999 _c7975
_d7975